000 00598nam a2200193Ia 4500
005 20250508151241.0
008 008 250505s9999 xx 000 0 eng d
037 _aTextual
040 _aFEDL
_beng
_cFEDL
041 _aeng
_2eng
084 _a131.3, OVE
_qFEDL
100 _aAverill Lawrence Augustus
_9757567
245 0 _aHygiene of instruction : A study of the mental health of the school child
260 _aBoston, USA
_bHoughton Mifflin Company
_c1928
300 _axiv,386p.
650 _aApplied Psychology
942 _cTEXL
_h131.3, OVE
999 _c1328628
_d1328628